000 00693nam a2200157Ia 4500
008 150610s9999 xx 000 0 und d
020 _a9781935096276
050 _aPN6071
_b .C67 C45 2008
245 _aChicken soup for the soul:
_bteens talk getting into college: 101 true stories from kids who have lived through it /
_c[compiled] by Jack Canfield, Mark Victor Hansen [and] Amy Newmark.
260 _aNew York :
_bChicken Soup for the Soul Publishing,
_c2008.
300 _a421pages ;
_c22 cm.
520 _aLiterary collections.
650 _aCollege applications-United States
_xAnecdotes.
650 _aTeenagers - Conduct of life
_bAnecdotes.
650 _aTeenagers
_xLiterary collections.
999 _c288015
_d288015